[Event "World Rapid 2022"]
[Site "Almaty KAZ"]
[Date "2022.12.26"]
[Round "5.21"]
[White "Sargsyan, Shant"]
[Black "Shankland, Sam"]
[Result "1-0"]
[WhiteTitle "GM"]
[BlackTitle "GM"]
[WhiteElo "2645"]
[BlackElo "2710"]
[WhiteFideId "13306766"]
[BlackFideId "2004887"]
[EventDate "2022.12.26"]

1. d4 d5 2. c4 e6 3. Nf3 Nf6 4. g3 dxc4 5. Bg2 a6 6. Ne5 Bb4+ 7. Nc3 Nd5 8. O-O
O-O 9. Ne4 b5 10. b3 cxb3 11. axb3 Bb7 12. Qc2 Be7 13. Ba3 Bxa3 14. Rxa3 Nb4 15.
Qc3 N4c6 16. Nc5 Qe7 17. Nxb7 Nxe5 18. dxe5 Qxa3 19. Nc5 b4 20. Qd4 Nd7 21. Ra1
Qxa1+ 22. Qxa1 Nxc5 23. Bxa8 Rxa8 24. Qa5 Nxb3 25. Qxb4 Nc1 26. Qc4 Nxe2+ 27.
Qxe2 g6 28. Qe4 Rd8 29. Qc4 a5 30. Qxc7 Rd5 31. g4 Kg7 32. Kg2 h6 33. h4 Rd4 34.
Kg3 h5 35. gxh5 gxh5 36. f3 Rd5 37. Kf4 a4 38. Qa7 Rd1 39. Qxa4 Rg1 40. Qd4 Rg2
41. Qd8 Rg6 42. Qg5 1-0

[Event "World Rapid 2022"]
[Site "Almaty KAZ"]
[Date "2022.12.26"]
[Round "5.22"]
[White "Amin, Bassem"]
[Black "Cheparinov, Ivan"]
[Result "1/2-1/2"]
[WhiteTitle "GM"]
[BlackTitle "GM"]
[WhiteElo "2682"]
[BlackElo "2688"]
[WhiteFideId "10601457"]
[BlackFideId "2905540"]
[EventDate "2022.12.26"]

1. Nf3 d5 2. g3 g6 3. c4 dxc4 4. Na3 Be6 5. Bg2 Bg7 6. Qc2 Nf6 7. Nxc4 Bd5 8. d3
O-O 9. e4 Be6 10. O-O Nc6 11. Bd2 Nd7 12. Na5 Nxa5 13. Bxa5 Ne5 14. Nxe5 Bxe5
15. Bc3 Qd6 16. Bxe5 Qxe5 17. Qc3 1/2-1/2

[Event "World Rapid 2022"]
[Site "Almaty KAZ"]
[Date "2022.12.26"]
[Round "5.23"]
[White "Ganguly, Surya Shekhar"]
[Black "Chigaev, Maksim"]
[Result "1/2-1/2"]
[WhiteTitle "GM"]
[BlackTitle "GM"]
[WhiteElo "2582"]
[BlackElo "2632"]
[WhiteFideId "5002150"]
[BlackFideId "4108116"]
[EventDate "2022.12.26"]

1. e4 c5 2. c3 d5 3. exd5 Nf6 4. Bb5+ Nbd7 5. Nf3 a6 6. Be2 Nxd5 7. d4 e6 8. c4
N5f6 9. O-O cxd4 10. Nxd4 Qc7 11. Nc3 Be7 12. b3 b6 13. Bf3 Bb7 14. Bf4 Qc8 15.
Re1 O-O 16. Nf5 Bc5 17. Nd6 Bxd6 18. Bxd6 Rd8 19. Be7 Re8 20. Bb4 Bc6 21. Rc1
Qb7 22. Bxc6 Qxc6 23. Rc2 Nc5 24. Rd2 Qc7 25. Qf3 Rad8 26. Red1 h6 27. h3 Rxd2
28. Rxd2 Rd8 29. Rxd8+ Qxd8 30. Qc6 Qd2 31. Bxc5 bxc5 32. Qf3 Nd7 33. g3 g6 34.
Ne4 Qd4 35. Qf4 Kg7 36. Nd6 f5 37. Qxd4+ cxd4 38. b4 Kf6 39. Kf1 e5 40. a4 Ke6
41. Nc8 e4 42. c5 d3 43. c6 Ne5 44. b5 axb5 45. axb5 g5 46. Nb6 Kd6 47. Nd5 Nc4
48. c7 Kd7 49. b6 Nxb6 50. Nxb6+ Kxc7 51. Nc4 Kd7 52. f3 exf3 53. Kf2 Ke6 54.
Kxf3 Kd5 55. Ne3+ Ke5 56. Nf1 Kd4 57. Ne3 Ke5 58. Nc4+ Kd5 59. Ne3+ Ke5 60. Nc4+ 1/2-1/2

[Event "World Rapid 2022"]
[Site "Almaty KAZ"]
[Date "2022.12.26"]
[Round "5.24"]
[White "Tsydypov, Zhamsaran"]
[Black "Salem, A.R. Saleh"]
[Result "1-0"]
[WhiteTitle "GM"]
[BlackTitle "GM"]
[WhiteElo "2534"]
[BlackElo "2677"]
[WhiteFideId "4108566"]
[BlackFideId "9301348"]
[EventDate "2022.12.26"]

1. e4 e5 2. Nf3 Nc6 3. Bc4 Nf6 4. d3 Bc5 5. c3 O-O 6. Bb3 Re8 7. Nbd2 h6 8. h3
d5 9. O-O Be6 10. Ba4 dxe4 11. dxe4 Nd7 12. b4 Bd6 13. Bb2 a5 14. a3 Nb6 15. Bb5
Qf6 16. Qc2 axb4 17. axb4 Bd7 18. Qd3 Red8 19. Qe2 Qe6 20. Nc4 Nxc4 21. Bxc4 Qf6
22. Bd5 Rab8 23. Rfd1 b6 24. Ne1 Ne7 25. Bc4 Ng6 26. Nd3 Be6 27. Bb5 Nf4 28.
Nxf4 exf4 29. Bc6 Be5 30. Bd5 f3 31. Qxf3 Qxf3 32. gxf3 Bxh3 33. Bb3 g5 34. Rd5
Rxd5 35. Bxd5 Kg7 36. Ra2 Rc8 37. b5 Kf6 38. c4 Bxb2 39. Rxb2 Ke5 40. Rc2 Bd7
41. Bxf7 Rf8 42. Bh5 Be6 43. c5 Bd7 44. c6 Be6 45. Rd2 Ra8 46. Bg4 Bc4 47. Rd7
Ra7 48. Kg2 Kf6 49. Kg3 Bxb5 50. f4 gxf4+ 51. Kxf4 Bxc6 52. Rh7 Kg6 53. Bf5+ Kh5
54. Rg7 Ra2 55. Kg3 1-0

[Event "World Rapid 2022"]
[Site "Almaty KAZ"]
[Date "2022.12.26"]
[Round "5.25"]
[White "Puranik, Abhimanyu"]
[Black "Gelfand, Boris"]
[Result "1/2-1/2"]
[WhiteTitle "GM"]
[BlackTitle "GM"]
[WhiteElo "2616"]
[BlackElo "2667"]
[WhiteFideId "5061245"]
[BlackFideId "2805677"]
[EventDate "2022.12.26"]

1. e4 c5 2. Nc3 Nc6 3. Bb5 Nd4 4. Nf3 e6 5. O-O a6 6. Bd3 Nc6 7. a3 b5 8. b4
cxb4 9. axb4 Bb7 10. e5 Nxb4 11. Be4 Bxe4 12. Nxe4 f5 13. Ng3 Nh6 14. d4 Nf7 15.
d5 Bc5 16. Ba3 Qb6 17. dxe6 dxe6 18. Nxf5 O-O 19. Ng3 Nc6 20. Qe2 Rfd8 21. Qe4
Nd4 22. Bb2 Qc6 23. Bxd4 Qxe4 24. Nxe4 Bxd4 25. Nxd4 Rxd4 26. Nc5 Rc4 27. Nxe6
Nxe5 28. Rfe1 Ng6 29. Re2 a5 30. g3 a4 31. f4 Rac8 32. Ra2 Ne7 33. Re5 Rxc2 34.
Rxc2 Rxc2 35. Nd4 Rd2 36. Nxb5 Rd5 37. Rxe7 Rxb5 38. Ra7 Rb4 1/2-1/2

[Event "World Rapid 2022"]
[Site "Almaty KAZ"]
[Date "2022.12.26"]
[Round "5.26"]
[White "Moussard, Jules"]
[Black "Nguyen, Thai Dai Van"]
[Result "1/2-1/2"]
[WhiteTitle "GM"]
[BlackTitle "GM"]
[WhiteElo "2684"]
[BlackElo "2656"]
[WhiteFideId "642908"]
[BlackFideId "358878"]
[EventDate "2022.12.26"]

1. e4 c5 2. Nf3 e6 3. d4 cxd4 4. Nxd4 Nc6 5. Nc3 Nf6 6. a3 Be7 7. Be2 O-O 8. O-O
d6 9. Kh1 e5 10. Nxc6 bxc6 11. f4 exf4 12. Bxf4 Be6 13. e5 dxe5 14. Bxe5 Qa5 15.
Qd4 Nd7 16. Bg3 Bf6 17. Qb4 Qb6 18. Rad1 Qxb4 19. axb4 a5 20. bxa5 Bxc3 21. bxc3
Rxa5 22. Bf3 Ne5 1/2-1/2

[Event "World Rapid 2022"]
[Site "Almaty KAZ"]
[Date "2022.12.26"]
[Round "5.27"]
[White "Petrosyan, Manuel"]
[Black "Andriasian, Zaven"]
[Result "1-0"]
[WhiteTitle "GM"]
[BlackTitle "GM"]
[WhiteElo "2621"]
[BlackElo "2580"]
[WhiteFideId "13300857"]
[BlackFideId "13302000"]
[EventDate "2022.12.26"]

1. d4 d5 2. Bf4 Nf6 3. e3 g6 4. Be2 c5 5. Nf3 Nc6 6. h3 Bg7 7. O-O O-O 8. c3 b6
9. Nbd2 Bb7 10. a4 Nd7 11. Qb3 Na5 12. Qa2 c4 13. b3 cxb3 14. Nxb3 Nc4 15. Nbd2
Na5 16. c4 dxc4 17. Nxc4 Nxc4 18. Qxc4 Rc8 19. Qb3 Bxf3 20. Bxf3 e5 21. Bg3 exd4
22. exd4 Qg5 23. Rfd1 Qa5 24. Qb5 Rfd8 25. Bg4 f5 26. Bf3 Nf8 27. Qb3+ Kh8 28.
Rac1 Rxc1 29. Rxc1 Rxd4 30. Rc7 f4 31. Bh4 Qf5 32. Be7 h5 33. Rxa7 Nd7 34. h4
Kh7 35. Bg5 Rd3 36. Qb4 Qe6 37. Kh2 Ne5 38. Qf8 Nxf3+ 39. gxf3 Rd7 40. Rxd7 Qxd7
41. Qxf4 Qd5 42. Qe4 Qd7 43. Kg2 Qc7 44. Qd5 Qa7 45. Qc6 Bd4 46. Bf4 Qf7 47. Qc7
Kg8 48. Qxf7+ Kxf7 49. Be3 Bxe3 50. fxe3 Ke6 51. f4 Kd5 52. Kf3 Kc4 53. e4 Kd4
54. e5 Kd5 1-0

[Event "World Rapid 2022"]
[Site "Almaty KAZ"]
[Date "2022.12.26"]
[Round "5.29"]
[White "Alonso Rosell, Alvar"]
[Black "Zhigalko, Sergei"]
[Result "1/2-1/2"]
[WhiteTitle "GM"]
[BlackTitle "GM"]
[WhiteElo "2561"]
[BlackElo "2572"]
[WhiteFideId "2270544"]
[BlackFideId "13502956"]
[EventDate "2022.12.26"]

1. d4 Nf6 2. c4 e6 3. Nf3 b6 4. g3 Ba6 5. Nbd2 Bb4 6. Qc2 Bb7 7. Bg2 Be4 8. Qa4
Bxd2+ 9. Bxd2 O-O 10. O-O d6 11. Bc3 Nbd7 12. Nd2 Bxg2 13. Kxg2 e5 14. e4 Re8
15. d5 a5 16. Qc2 Nc5 17. b3 c6 18. dxc6 Qc8 19. Rfe1 Qxc6 20. f3 a4 21. b4 Ne6
22. Qd3 Rac8 23. Rac1 Red8 24. a3 Qb7 25. Bb2 h6 26. Nf1 b5 27. cxb5 Rxc1 28.
Rxc1 d5 29. exd5 Nxd5 30. Qe4 f6 31. Qc4 Ndc7 32. Rc2 Qxb5 33. Qxb5 Nxb5 34. Ne3
Rd3 35. Nc4 Ned4 36. Rd2 Nxf3 37. Rxd3 Ne1+ 38. Kf2 Nxd3+ 39. Ke2 Nxb2 40. Nxb2
Nxa3 41. Kd3 Kf7 42. Nxa4 Ke6 43. Nc3 f5 44. h3 h5 45. b5 Kd6 46. b6 Kc6 47. Nd5
e4+ 48. Ke2 g6 49. Ne7+ Kxb6 50. Nxg6 Nc4 51. h4 Kc5 52. Nf4 Kd6 53. Nxh5 Ke5
54. Nf4 Kf6 55. Nh5+ 1/2-1/2

[Event "World Rapid 2022"]
[Site "Almaty KAZ"]
[Date "2022.12.26"]
[Round "5.30"]
[White "Paravyan, David"]
[Black "Jumabayev, Rinat"]
[Result "1-0"]
[WhiteTitle "GM"]
[BlackTitle "GM"]
[WhiteElo "2586"]
[BlackElo "2609"]
[WhiteFideId "4194985"]
[BlackFideId "13702661"]
[EventDate "2022.12.26"]

1. e4 e6 2. d4 d5 3. Nc3 Nf6 4. Bg5 dxe4 5. Nxe4 Be7 6. Nxf6+ Bxf6 7. Bxf6 Qxf6
8. Nf3 c5 9. Bb5+ Bd7 10. Qe2 cxd4 11. O-O-O Nc6 12. Nxd4 Rc8 13. Nf3 Rc7 14.
Rd2 O-O 15. Rhd1 Qe7 16. Kb1 Rfc8 17. Qe4 Be8 18. a3 Qc5 19. Bd3 g6 20. g4 b5
21. Qe3 Qxe3 22. fxe3 b4 23. Ka2 bxa3 24. Kxa3 Rb8 25. Be4 Na5 26. b3 Nc4+ 27.
bxc4 Rxc4 28. Rd4 Rc5 29. Rb4 Ra5+ 30. Kb3 Rxb4+ 31. Kxb4 Ra4+ 32. Kc5 Rxe4 33.
Rd8 Kf8 34. Kd6 Rxe3 35. Ne5 f6 36. Nd3 Re2 37. Rc8 a5 38. Nf4 Rd2+ 39. Kxe6 a4
40. Kxf6 Rf2 41. Ke5 Rxh2 42. g5 a3 43. Ra8 Rxc2 44. Rxa3 Rc5+ 45. Kd6 Rc6+ 46.
Kd5 Ke7 47. Re3+ Kf7 48. Rxe8 Rb6 49. Re5 Rb4 50. Ne6 Rb1 51. Nd8+ Kf8 52. Ne6+
Kf7 53. Re2 Rb5+ 54. Nc5 Kg8 55. Ra2 Rb8 56. Ra7 1-0

[Event "World Rapid 2022"]
[Site "Almaty KAZ"]
[Date "2022.12.26"]
[Round "5.31"]
[White "Tsaruk, Maksim"]
[Black "Niemann, Hans Moke"]
[Result "1/2-1/2"]
[WhiteTitle "FM"]
[BlackTitle "GM"]
[WhiteElo "2373"]
[BlackElo "2698"]
[WhiteFideId "13511173"]
[BlackFideId "2093596"]
[EventDate "2022.12.26"]

1. e4 c5 2. Nf3 Nc6 3. d4 cxd4 4. Nxd4 Nf6 5. Nc3 d6 6. Bg5 e6 7. Qd2 a6 8.
O-O-O Bd7 9. f4 Be7 10. Nf3 b5 11. Bxf6 gxf6 12. f5 Qb6 13. Kb1 O-O-O 14. Qh6
Ne5 15. Qh5 Rdf8 16. Nd4 Qb7 17. g3 Kb8 18. Bh3 Qc8 19. Nce2 Nc4 20. fxe6 fxe6
21. Nf4 e5 22. Nf5 Bxf5 23. Bxf5 Qb7 24. Nd5 Bd8 25. Rd3 Bb6 26. Nxb6 Qxb6 27.
Be6 Rc8 28. Bxc8 Rxc8 29. Qf3 b4 30. Qxf6 Qc6 31. Rhd1 a5 32. Ka1 a4 33. c3 b3
34. Rxd6 Nxd6 35. Rxd6 Qc5 36. axb3 axb3 37. Rb6+ Kc7 38. Rxb3 Ra8+ 39. Ra3
Rxa3+ 40. bxa3 Qxa3+ 41. Kb1 Qb3+ 42. Kc1 Qxc3+ 43. Kd1 Qd3+ 44. Ke1 Qxe4+ 45.
Kf2 Qc2+ 46. Ke3 Qxh2 47. Qxe5+ 1/2-1/2

[Event "World Rapid 2022"]
[Site "Almaty KAZ"]
[Date "2022.12.26"]
[Round "5.32"]
[White "Savchenko, Boris"]
[Black "Suleymanli, Aydin"]
[Result "1/2-1/2"]
[WhiteTitle "GM"]
[BlackTitle "GM"]
[WhiteElo "2552"]
[BlackElo "2543"]
[WhiteFideId "4147332"]
[BlackFideId "13413937"]
[EventDate "2022.12.26"]

1. c4 Nf6 2. g3 e6 3. Nf3 d5 4. Bg2 Be7 5. O-O O-O 6. b3 d4 7. e3 c5 8. exd4
cxd4 9. Re1 Nc6 10. d3 Nd7 11. Ba3 Bc5 12. h4 h6 13. Nh2 Qa5 14. Bc1 Bb4 15. Rf1
Be7 16. a3 Qc7 17. b4 a5 18. bxa5 Nc5 19. Bd2 Nxd3 20. Bxh6 Nde5 21. Bf4 Qxa5
22. Nd2 Nd3 23. Bg5 f6 24. Nb3 Qf5 25. Bd2 Rxa3 26. Rxa3 Bxa3 27. Qa1 Bb2 28.
Qb1 Bc3 29. Bxc3 dxc3 30. Qc2 e5 31. Qxc3 Be6 32. Nf3 Rd8 33. Nfd2 Nd4 34. Nxd4
exd4 35. Qa3 Nc5 36. Re1 Bf7 37. Re7 Qc8 38. Qa5 Rd6 39. Qc7 Qxc7 40. Rxc7 b6
41. f4 Re6 42. Nf3 d3 43. Bf1 Bh5 44. Nd2 Re2 45. Rxc5 bxc5 46. Bxe2 dxe2 47.
Kf2 Kf8 48. Ne4 Bf7 49. Kxe2 Bxc4+ 50. Ke3 Be6 51. Nxc5 Bg4 52. Nd3 Kf7 53. Nf2
Bd7 54. g4 g5 55. fxg5 fxg5 56. h5 Kg7 57. Kf3 Kh6 58. Ne4 Bc6 59. Ke3 Bd7 1/2-1/2

[Event "World Rapid 2022"]
[Site "Almaty KAZ"]
[Date "2022.12.26"]
[Round "5.33"]
[White "Najer, Evgeniy"]
[Black "Lazavik, Denis"]
[Result "0-1"]
[WhiteTitle "GM"]
[BlackTitle "GM"]
[WhiteElo "2662"]
[BlackElo "2537"]
[WhiteFideId "4118987"]
[BlackFideId "13515110"]
[EventDate "2022.12.26"]

1. e4 e5 2. Nf3 Nc6 3. Bb5 Nf6 4. d3 Bc5 5. Nbd2 d6 6. O-O O-O 7. c3 Bb6 8. Re1
Ne7 9. d4 c6 10. Bd3 Ng6 11. Bc2 h6 12. h3 Re8 13. Nf1 Nh5 14. Be3 Qf6 15. a4
exd4 16. cxd4 Ba5 17. N3d2 Nhf4 18. Qf3 c5 19. e5 dxe5 20. dxe5 Qh4 21. Ng3 Be6
22. Nf5 Bxf5 23. Bxf5 Rxe5 24. Qxb7 Qd8 25. Bxg6 Nxg6 26. Nc4 Re7 27. Nxa5 Rxb7
28. Nxb7 Qb6 29. Nxc5 Qxb2 30. Rab1 Qe5 31. Rb5 Nh4 32. Rb4 Nf5 33. Ne4 a5 34.
Rc4 Qd5 35. Rec1 Nxe3 36. fxe3 Re8 37. Rd4 Qb3 38. Re1 Kh7 39. Kf2 Re6 40. Re2
Rb6 41. Nd2 Qc3 42. Ne4 Qc7 43. Red2 Qe5 44. Nd6 Rc6 45. Nc4 Rf6+ 46. Kg1 Qc5
47. Rb2 Qe7 48. Rb5 Qc7 49. Rbd5 Qg3 50. Rd2 Qe1+ 51. Kh2 Rf1 0-1

[Event "World Rapid 2022"]
[Site "Almaty KAZ"]
[Date "2022.12.26"]
[Round "5.34"]
[White "Aravindh, Chithambaram VR."]
[Black "Le, Tuan Minh"]
[Result "1/2-1/2"]
[WhiteTitle "GM"]
[BlackTitle "GM"]
[WhiteElo "2607"]
[BlackElo "2542"]
[WhiteFideId "5072786"]
[BlackFideId "12401153"]
[EventDate "2022.12.26"]

1. Nf3 d5 2. d4 Nf6 3. Bf4 c5 4. e3 Qb6 5. Nc3 Bd7 6. Rb1 e6 7. Be2 Bd6 8. Ne5
O-O 9. h4 Rd8 10. h5 cxd4 11. exd4 Nc6 12. Nxd7 Rxd7 13. Be3 h6 14. g3 Qa5 15.
O-O a6 16. a3 e5 17. dxe5 Bxe5 18. Bd2 Qc7 19. Bf3 Na5 20. Ne2 Nc4 21. Bc1 Nd6
22. c3 Nde4 23. Be3 Re8 24. Nf4 Red8 25. Rc1 Qb8 26. Ne2 Re8 27. Qd3 Qc8 28. Nf4
Rdd8 29. Rcd1 Bxf4 30. Bxf4 Qf5 31. c4 Nxh5 32. Bc1 Nhf6 33. Bxe4 dxe4 34. Qe2
Qh3 35. Rxd8 Rxd8 36. Bf4 g5 37. Bc7 Rd7 38. Bb8 Rd3 39. f3 Rd8 40. Be5 exf3 41.
Rxf3 Ng4 42. Bc3 Qh5 43. Rf1 Rf8 44. b4 f5 45. Re1 Kh7 46. c5 Rf7 47. a4 Qh3 48.
Qg2 Qxg2+ 49. Kxg2 Rd7 50. b5 axb5 51. axb5 Rd3 52. Rc1 Ne3+ 53. Kg1 Nd5 54. Be5
Re3 55. Bd6 Re6 56. Bb8 Re8 57. Ba7 Ra8 58. b6 Rc8 59. c6 Nxb6 60. Bxb6 Rxc6 61.
Rb1 Kg6 62. Bf2 Rc7 63. Rb6+ Kh5 64. Kg2 Rd7 65. Kf3 Rd3+ 66. Be3 Rd7 67. Rf6
Rd5 68. Rf7 b5 69. Rf6 Re5 70. Rd6 b4 71. Rb6 Re4 72. Bc5 Rc4 73. Bxb4 Rc8 74.
Bd2 Rd8 75. Be3 Rd5 76. Rf6 Rb5 77. Rc6 Rd5 78. Rb6 Ra5 79. Rb3 Rd5 80. Rc3 Rb5
81. Bc5 Ra5 82. Bb4 Rb5 83. Ba3 Ra5 84. Rd3 Rb5 85. Bf8 Rb8 86. Bc5 Rb5 87. Rd5
Rb3+ 88. Be3 Kg6 89. Kf2 Rb2+ 90. Bd2 Rb3 91. Rc5 Rd3 92. Bc3 Rd6 93. Ke3 Re6+
94. Be5 Rb6 95. Rc8 Kh5 96. Kf3 Rb3+ 97. Bc3 Rb5 98. Rc6 Rb3 99. Rc5 Ra3 100.
Rc8 Rb3 101. Kg2 Ra3 102. Bd4 Ra2+ 103. Bf2 Ra5 104. Rh8 Ra2 105. Kf3 Ra5 106.
Bd4 Ra3+ 107. Kg2 Ra2+ 108. Kf1 Ra4 109. Bg7 Ra6 110. Kf2 Ra2+ 111. Kf1 Ra6 112.
Ke2 Ra2+ 113. Ke3 Kg4 114. Rxh6 Kxg3 115. Be5+ f4+ 116. Ke4 Re2+ 117. Kf5 Rxe5+
118. Kxe5 f3 119. Rg6 f2 120. Rxg5+ Kh2 121. Rf5 Kg2 122. Rxf2+ Kxf2 123. Ke4 1/2-1/2

[Event "World Rapid 2022"]
[Site "Almaty KAZ"]
[Date "2022.12.26"]
[Round "5.35"]
[White "Yudin, Sergei"]
[Black "Martirosyan, Haik M."]
[Result "0-1"]
[WhiteTitle "GM"]
[BlackTitle "GM"]
[WhiteElo "2469"]
[BlackElo "2682"]
[WhiteFideId "4159659"]
[BlackFideId "13306553"]
[EventDate "2022.12.26"]

1. e4 e5 2. Nf3 Nc6 3. Bc4 Bc5 4. d3 Nf6 5. O-O d6 6. c3 h6 7. Re1 O-O 8. h3 a5
9. a4 Be6 10. Nbd2 Re8 11. Nf1 d5 12. exd5 Bxd5 13. Bb5 e4 14. dxe4 Bxe4 15. Be3
Bxe3 16. Nxe3 Qxd1 17. Raxd1 Bxf3 18. gxf3 Ne5 19. Bxe8 Nxf3+ 20. Kf1 Nxe1 21.
Bxf7+ Kxf7 22. Rxe1 Rd8 23. Nc4 Rd5 24. Ke2 b6 25. Kf3 Nd7 26. Re4 Nc5 27. Rf4+
Ke6 28. Ne3 Rd2 29. b4 axb4 30. cxb4 Nxa4 31. Re4+ Kf7 32. Nc4 Rd3+ 33. Kg4 Nc3
34. Rf4+ Ke6 35. Ne3 Nd5 36. Re4+ Kf7 37. Kf5 Rd2 38. Ke5 Ne7 39. Rc4 c6 40.
Rf4+ Ke8 41. Ke6 Ng6 42. Rg4 Nf8+ 43. Ke5 g6 44. Nc4 Nd7+ 45. Ke6 Nf8+ 46. Ke5
Rd5+ 47. Ke4 g5 48. Nxb6 Rb5 49. Nc4 Rxb4 50. Ke5 Ng6+ 51. Kd6 Nf4 52. Ne5 Rb5
53. Nxc6 Rd5+ 54. Kc7 Nxh3 55. Rg3 Nf4 56. Re3+ Kf7 57. Ne5+ Kg7 58. Kc6 Rd2 59.
f3 h5 60. Re1 h4 61. Rg1 h3 62. Ng4 Rd3 63. Ne5 Rd2 64. Ng4 Kg6 65. Ne5+ Kf5 66.
Ng4 Rd3 67. Nh6+ Kg6 68. Ng4 Rd2 69. Kc5 Rd8 70. Kc4 Rd5 71. Nf2 Rd2 72. Ng4
Rc2+ 73. Kb3 Rc7 74. Nf2 Kh5 75. Ne4 Ng2 76. Rh1 Nf4 77. Rg1 Rg7 78. Kc2 Ne2 79.
Rh1 Kh4 80. Nf2 h2 81. Kd2 Nd4 82. Ke3 0-1

[Event "World Rapid 2022"]
[Site "Almaty KAZ"]
[Date "2022.12.26"]
[Round "5.36"]
[White "Fedorov, Alexei"]
[Black "Harikrishna, Pentala"]
[Result "1/2-1/2"]
[WhiteTitle "GM"]
[BlackTitle "GM"]
[WhiteElo "2475"]
[BlackElo "2705"]
[WhiteFideId "13500465"]
[BlackFideId "5007003"]
[EventDate "2022.12.26"]

1. e4 c5 2. d3 Nc6 3. g3 d5 4. Nd2 e6 5. Bg2 g6 6. Ngf3 Bg7 7. O-O Nge7 8. Re1
b6 9. c3 Qc7 10. Nf1 dxe4 11. dxe4 Bb7 12. Bf4 e5 13. Bd2 O-O 14. Ne3 Rad8 15.
Qc2 Ba6 16. Bf1 Bxf1 17. Rxf1 b5 18. a4 a6 19. axb5 axb5 20. Ra6 Ra8 21. Rfa1
Rxa6 22. Rxa6 Qb7 23. Ra2 Nb8 24. Ra5 Nd7 25. c4 bxc4 26. Qxc4 Nc6 27. Rb5 Qa6
28. Rb3 Qxc4 29. Nxc4 Nd4 30. Ra3 f5 31. exf5 gxf5 32. Bg5 Rb8 33. Nfd2 Nb6 34.
Be7 Nxc4 35. Nxc4 e4 36. Bxc5 Nf3+ 37. Kg2 Bxb2 38. Bd6 Bxa3 1/2-1/2

[Event "World Rapid 2022"]
[Site "Almaty KAZ"]
[Date "2022.12.26"]
[Round "5.37"]
[White "Pantsulaia, Levan"]
[Black "Anton Guijarro, David"]
[Result "0-1"]
[WhiteTitle "GM"]
[BlackTitle "GM"]
[WhiteElo "2597"]
[BlackElo "2675"]
[WhiteFideId "13602071"]
[BlackFideId "2285525"]
[EventDate "2022.12.26"]

1. Nf3 d5 2. c4 e6 3. g3 dxc4 4. Qa4+ Nd7 5. Qxc4 a6 6. Bg2 b5 7. Qe4 Rb8 8. Nd4
Ne7 9. O-O c5 10. Nf3 Bb7 11. Qc2 Nf5 12. e4 Nd6 13. d3 c4 14. Bf4 Rc8 15. Nbd2
cxd3 16. Qxd3 Nc5 17. Qe3 Be7 18. Rac1 Ncxe4 19. Nxe4 Nxe4 20. Nd4 Rxc1 21. Rxc1
Qa8 22. Re1 Nc5 23. Bxb7 Qxb7 24. b4 Nd7 25. Nf5 Kf8 26. Rc1 Bd8 27. Bd6+ Kg8
28. Qc3 f6 29. Nd4 Kf7 30. Nc6 Nb6 31. Qc5 Nc4 32. Bf4 Bb6 33. Qh5+ g6 34. Qf3
Kg7 35. Rd1 Rc8 36. Ne5 Qxf3 37. Rd7+ Kg8 38. Nxf3 g5 39. Bd6 Rd8 40. Rxd8+ Bxd8
41. Bc5 Kf7 42. Nd4 Bc7 43. g4 Nd2 44. h3 Ne4 45. Nc2 Be5 46. Be3 Ke7 47. f3 Nc3
48. a3 Kd6 49. Bc5+ Kd5 50. Ne3+ Kc6 51. Nc2 Nb1 52. Kf2 Bb2 53. f4 gxf4 54. Kf3
Nxa3 55. Ne1 Be5 56. Nd3 Nc4 57. Be7 Nd2+ 58. Ke2 Nc4 59. Kf3 Kd7 60. Bc5 Nd2+
61. Ke2 Ne4 62. h4 Bc7 63. Kf3 Nd2+ 64. Ke2 Nc4 65. Bf8 Ke8 66. Nc5 e5 67. Nxa6
Bd8 68. Bc5 Kd7 69. Kd3 Kc6 70. Bg1 Kd5 71. Nc5 e4+ 72. Ke2 f3+ 73. Kf2 Bb6 74.
Kg3 Bc7+ 75. Kf2 Bb6 76. Kg3 e3 77. Kxf3 Bxc5 78. bxc5 Kxc5 79. Bxe3+ Nxe3 80.
Kxe3 Kc4 81. Kd2 Kb3 0-1

[Event "World Rapid 2022"]
[Site "Almaty KAZ"]
[Date "2022.12.26"]
[Round "5.38"]
[White "Sargissian, Gabriel"]
[Black "Durarbayli, Vasif"]
[Result "1/2-1/2"]
[WhiteTitle "GM"]
[BlackTitle "GM"]
[WhiteElo "2699"]
[BlackElo "2612"]
[WhiteFideId "13300881"]
[BlackFideId "13402935"]
[EventDate "2022.12.26"]

1. d4 d5 2. c4 c6 3. Nf3 Nf6 4. Qb3 dxc4 5. Qxc4 Bf5 6. g3 e6 7. Bg2 Be7 8. Nbd2
Nbd7 9. O-O O-O 10. Qb3 Qb6 11. Nc4 Qa6 12. Bf4 Ne4 13. Nfe5 Nxe5 14. Nxe5 Nf6
15. Rfe1 Rfd8 16. e4 Bg6 17. Rad1 Bh5 18. f3 c5 19. Bf1 Qb6 20. Qxb6 axb6 21. g4
Bg6 22. h4 cxd4 23. h5 Bxh5 24. gxh5 Nxh5 25. Bd2 Bh4 26. Re2 Ng3 27. Rg2 Nxf1
28. Kxf1 Rxa2 29. Nd3 Rc8 30. Bh6 g6 31. e5 Ra5 32. Rg4 Be7 33. Rxd4 Bf8 34. Bg5
Bg7 35. Rd7 h6 36. Bd2 Rb5 37. Bc3 g5 38. Rxb7 Rc4 39. Ra1 Rd5 40. Ke2 g4 41.
Ra8+ Kh7 42. Rxf7 gxf3+ 43. Rxf3 Rg4 44. Re8 Rg2+ 45. Kf1 Rc2 46. Rxe6 Rd7 47.
Rf2 Rxc3 48. bxc3 Rxd3 49. Re7 Rd1+ 50. Ke2 Rg1 51. Kf3 Kg6 52. Ke4 b5 53. Rff7
Re1+ 54. Kd5 Bxe5 55. Rf3 Bxc3 56. Rxe1 Bxe1 57. Re3 Bd2 58. Rd3 1/2-1/2

[Event "World Rapid 2022"]
[Site "Almaty KAZ"]
[Date "2022.12.26"]
[Round "5.39"]
[White "Petrov, Nikita"]
[Black "Rakhmanov, Aleksandr"]
[Result "1/2-1/2"]
[WhiteTitle "GM"]
[BlackTitle "GM"]
[WhiteElo "2537"]
[BlackElo "2630"]
[WhiteFideId "4101286"]
[BlackFideId "4173708"]
[EventDate "2022.12.26"]

1. d4 d5 2. c4 e6 3. Nc3 a6 4. c5 b6 5. cxb6 cxb6 6. Bf4 Bd6 7. e3 Bxf4 8. exf4
Qd6 9. Qd2 Nc6 10. Nf3 Nge7 11. Bd3 Bd7 12. O-O f6 13. Rfe1 O-O 14. Rac1 Be8 15.
Qe3 Bf7 16. Ne2 Bg6 17. Bxg6 hxg6 18. g3 Rfc8 19. Nc3 Kf7 20. Qd3 Na5 21. Re2
Rc6 22. Rce1 Qd7 23. h4 Nf5 24. Kg2 b5 25. Nd1 Re8 26. Ne3 Nxe3+ 27. Rxe3 Nc4
28. R3e2 Rh8 29. b3 Nb6 30. Rc2 Rxc2 31. Qxc2 Nc8 32. Rc1 Nd6 33. Qc6 Qxc6 34.
Rxc6 Ne4 35. Rc7+ Kg8 36. Ne1 Kh7 37. Nd3 a5 38. Nc5 Re8 39. Nxe4 dxe4 40. Ra7
Rd8 41. Rxa5 Rxd4 42. Rxb5 Rd2 43. Kf1 Rxa2 44. Rb6 Rb2 45. Rxe6 Rxb3 46. Rxe4
Rb5 47. Re8 Ra5 48. Kg2 Rb5 49. Kf3 Ra5 50. g4 Ra4 51. Rb8 Rc4 52. Rb5 Rc3+ 53.
Kg2 Rc4 54. Kg3 Rc3+ 55. f3 Rc1 56. h5 Rg1+ 57. Kf2 Ra1 58. hxg6+ Kxg6 59. Rb7
Ra3 60. Re7 Rb3 61. Kg3 Ra3 62. f5+ Kh6 63. Re8 Kh7 64. Re4 Ra7 65. Rb4 g6 66.
fxg6+ Kxg6 67. Rb5 Ra3 68. Rb8 Rc3 69. Rb4 Ra3 70. Re4 Rb3 71. Rf4 Rb5 72. Re4
f5 73. gxf5+ Kxf5 1/2-1/2

[Event "World Rapid 2022"]
[Site "Almaty KAZ"]
[Date "2022.12.26"]
[Round "5.40"]
[White "Andreikin, Dmitry"]
[Black "Asadli, Vugar"]
[Result "1-0"]
[WhiteTitle "GM"]
[BlackTitle "GM"]
[WhiteElo "2729"]
[BlackElo "2567"]
[WhiteFideId "4158814"]
[BlackFideId "13405764"]
[EventDate "2022.12.26"]

1. Nf3 Nf6 2. c4 g6 3. b4 e6 4. a3 a5 5. b5 d5 6. Bb2 Bg7 7. e3 O-O 8. d4 b6 9.
cxd5 Nxd5 10. e4 Ne7 11. Bc4 Bb7 12. Nc3 c5 13. dxc5 bxc5 14. Qc2 Nd7 15. O-O
Nc8 16. Rfd1 Ncb6 17. Bf1 Qc7 18. Na4 Bxb2 19. Nxb2 Rfc8 20. Rac1 Qf4 21. Nd2
Ne5 22. Qc3 g5 23. Qg3 Qf6 24. Nbc4 Nexc4 25. Nxc4 Nxc4 26. Rxc4 Rd8 27. Rxd8+
Rxd8 28. h4 h6 29. hxg5 hxg5 30. f3 Qe7 31. Qe5 Rc8 32. a4 f6 33. Qc3 Qd8 34.
Qe3 Qd6 35. Rc2 Kf7 36. Rd2 Qc7 37. Bc4 Rh8 38. e5 Bc8 39. Rd6 Rh6 40. b6 Qe7
41. Qxc5 fxe5 42. Qxe5 Rh4 43. b7 Bxb7 44. Rxe6 1-0